[Event "Tournament The King"]
[Site "SchemingMind.com"]
[Date "2007.12.13"]
[Round "-"]
[White "Malatuso"]
[Black "Theodoric"]
[Result "0-1"]
[WhiteCountry "ITA"]
[BlackCountry "ENG"]
[WhiteElo "1618"]
[WhiteRD "58"]
[BlackElo "1834"]
[BlackRD "59"]
[GameID "133206"]

1. e4 e6 2. d4 d5 3. Nc3 Bb4 4. e5 c5 5. a3 Bxc3+ 6. bxc3 Ne7 7. Qg4 Nf5 8. Bd3 h5 9. Qf3 cxd4 10. Bxf5 exf5
11. cxd4 Nc6 12. Ne2 g6 13. Qb3 Rb8
0-1

[Event "Tournament The King"]
[Site "SchemingMind.com"]
[Date "2007.12.13"]
[Round "-"]
[White "Theodoric"]
[Black "Malatuso"]
[Result "1-0"]
[WhiteCountry "ENG"]
[BlackCountry "ITA"]
[WhiteElo "1834"]
[WhiteRD "59"]
[BlackElo "1618"]
[BlackRD "58"]
[GameID "133220"]

1. e4 e5 2. Nf3 Nc6 3. Bc4 Bc5 4. c3 Nf6 5. d4 exd4 6. cxd4 Bb4+ 7. Bd2 Bxd2+ 8. Nbxd2 d5 9. exd5 Nxd5 10. Qb3 Na5
11. Qa4+ c6 12. Bxd5 Qxd5 13. Rc1 b6 14. b4 Nb7 15. Qxc6+ Qxc6 16. Rxc6 O-O 17. O-O Nd8 18. Rcc1
1-0

[Event "Tournament The King"]
[Site "SchemingMind.com"]
[Date "2007.12.15"]
[Round "-"]
[White "mmccaffe"]
[Black "Lazaro"]
[Result "0-1"]
[WhiteCountry "USA"]
[BlackCountry "CUB"]
[WhiteElo "1576"]
[WhiteRD "52"]
[BlackElo "1507"]
[BlackRD "47"]
[GameID "133482"]

1. e4 c5 2. Nf3 Nc6 3. d4 cxd4 4. Nxd4 g6 5. c4 Nf6 6. Nc3 Nxd4 7. Qxd4 d6 8. Bg5 Bg7 9. Qd2 O-O 10. f3 Bd7
11. h4 Rc8 12. h5 Nxh5 13. g4 Ng3 14. Rh3 Nxf1 15. Kxf1 h5 16. gxh5 Bxh3+
0-1

[Event "Tournament The King"]
[Site "SchemingMind.com"]
[Date "2007.12.16"]
[Round "-"]
[White "Lazaro"]
[Black "mmccaffe"]
[Result "0-1"]
[WhiteCountry "CUB"]
[BlackCountry "USA"]
[WhiteElo "1507"]
[WhiteRD "47"]
[BlackElo "1576"]
[BlackRD "52"]
[GameID "133496"]

1. e4 c6 2. d4 d5 3. Nc3 dxe4 4. Nxe4 Bf5 5. Ng3 Bg6 6. Nf3 e6 7. h4 h6 8. h5 Bh7 9. Bd3 Bxd3 10. Qxd3 Nf6
11. Bf4 Nd5 12. Bd2 Be7
0-1

[Event "Tournament The King"]
[Site "SchemingMind.com"]
[Date "2007.12.18"]
[Round "-"]
[White "MrC"]
[Black "Zugzwang"]
[Result "0-1"]
[WhiteCountry "ENG"]
[BlackCountry "CAN"]
[WhiteElo "1191"]
[WhiteRD "99"]
[BlackElo "1466"]
[BlackRD "63"]
[GameID "133964"]

1. Nf3 Nf6 2. e3 d5 3. Bd3 c5 4. O-O Nc6 5. c3 e6 6. b4 b6 7. Ba3 h6 8. Nh4 e5 9. e4 d4 10. bxc5 Bxc5
11. Bb4 O-O 12. a4 Bxb4 13. cxb4 Nxb4 14. Bc4 Nxe4 15. d3 Qxh4 16. g3 Qh3 17. Re1 Ng5 18. Rxe5 Bb7 19. Rf5 Qg2#
0-1

[Event "Tournament The King"]
[Site "SchemingMind.com"]
[Date "2007.12.18"]
[Round "-"]
[White "sidra"]
[Black "1tamad"]
[Result "0-1"]
[WhiteCountry "HUN"]
[BlackCountry "USA"]
[WhiteElo "1655"]
[WhiteRD "89"]
[BlackElo "1810"]
[BlackRD "62"]
[GameID "133965"]

1. d4 d5 2. e3 e6 3. a3 Nf6 4. f3 c5 5. dxc5 Bxc5 6. b4 Bb6 7. c4 O-O 8. c5 Bc7 9. Bb2 b6 10. Bd3 bxc5
11. bxc5 Na6 12. Bxa6 Bxa6 13. Ne2 Ba5+ 14. Bc3 Bxc3+ 15. Nbxc3 Qa5 16. Qa4 Qxa4 17. Nxa4 Bb5 18. Nec3 Ba6 19. Kf2 Rfc8 20. e4 dxe4
21. fxe4 Bd3 22. Rhe1 h6 23. Ke3 Bc2 24. h3 Rab8 25. Re2 Bxa4 26. Nxa4 Rb3+ 27. Kf2 Nd7 28. Rc2 Rb5 29. c6 Ne5 30. c7 Rb7
31. Rc3 Rbxc7 32. Rxc7 Rxc7 33. Ra2 Nd3+ 34. Kf3 Rc4 35. Ke3 Rxa4 36. Kxd3 Kf8 37. g4 f6 38. Ke3 Kf7 39. Kf3 Kg6 40. h4 f5
41. exf5+ exf5 42. gxf5+ Kxf5 43. Kg3 Rg4+ 44. Kh3 Ra4 45. Kg3 a5 46. Rf2+ Kg6 47. Rf3 Kh5 48. Rf5+ g5 49. hxg5 Rxa3+ 50. Kf4 Ra4+
51. Ke5 hxg5 52. Kf6 Rf4 53. Ke5 Rxf5+ 54. Kxf5 a4
0-1

[Event "Tournament The King"]
[Site "SchemingMind.com"]
[Date "2007.12.28"]
[Round "-"]
[White "peeuukoo"]
[Black "Chess_Man01"]
[Result "0-1"]
[WhiteCountry "FIN"]
[BlackCountry "GBR"]
[WhiteElo "2023"]
[WhiteRD "87"]
[BlackElo "2289"]
[BlackRD "59"]
[GameID "133966"]

1. d4 Nf6 2. c4 e6 3. Bg5 Be7 4. Nc3 d5 5. Nf3 c6 6. cxd5 cxd5 7. e3 a6 8. a4 Nc6 9. Be2 O-O 10. O-O Bd7
11. h3 h6 12. Bf4 Qb6 13. Rb1 Rac8 14. Ne5 Nxe5 15. Bxe5 Ne4 16. Nxe4 dxe4 17. d5 exd5 18. Qxd5 Bc6 19. Qa2 Qa5 20. Bd4 Qxa4
21. Qxa4 Bxa4 22. b3 Bd7 23. b4 Rc2 24. Rfe1 b5 25. Bb6 Rfc8 26. Bf1 Be6 27. Red1 Ba2 28. Ra1 Bxb4
0-1

[Event "Tournament The King"]
[Site "SchemingMind.com"]
[Date "2007.12.23"]
[Round "-"]
[White "Schaakmaatje"]
[Black "krueger"]
[Result "0-1"]
[WhiteCountry "NED"]
[BlackCountry "USA"]
[WhiteElo "1755"]
[WhiteRD "48"]
[BlackElo "2051"]
[BlackRD "101"]
[GameID "133967"]

1. e4 e6 2. d4 d5 3. Nd2 Nf6 4. Bd3 c5 5. e5 Nfd7 6. c3 Nc6 7. Ne2 cxd4 8. cxd4 f6 9. f4 fxe5 10. dxe5 Qb6
11. Qb3 Nc5 12. Qb5 Bd7
0-1

[Event "Tournament The King"]
[Site "SchemingMind.com"]
[Date "2007.12.19"]
[Round "-"]
[White "Zugzwang"]
[Black "MrC"]
[Result "1-0"]
[WhiteCountry "CAN"]
[BlackCountry "ENG"]
[WhiteElo "1466"]
[WhiteRD "63"]
[BlackElo "1191"]
[BlackRD "99"]
[GameID "133971"]

1. d4 d6 2. e4 e5 3. Nf3 Qe7 4. Nc3 exd4 5. Nxd4 Nf6 6. Bc4 c5 7. Nf5 Qc7 8. f3 Nc6 9. O-O Na5 10. Bb3 b6
11. Nd5 Qd7 12. Nc3 Kd8 13. Ba4 Qc7 14. Nd5 Qb7 15. Nxf6 gxf6 16. Nxd6 Bxd6 17. Qxd6+ Bd7 18. Qxf6+ Kc7 19. Rd1 Bxa4 20. Bf4+ Kc8
21. Qxh8+
1-0

[Event "Tournament The King"]
[Site "SchemingMind.com"]
[Date "2007.12.18"]
[Round "-"]
[White "1tamad"]
[Black "sidra"]
[Result "0-1"]
[WhiteCountry "USA"]
[BlackCountry "HUN"]
[WhiteElo "1776"]
[WhiteRD "61"]
[BlackElo "1708"]
[BlackRD "91"]
[GameID "133972"]

1. d4 d5 2. e3 a6 3. Nf3 f6 4. Be2 e6 5. O-O Bd6 6. c4 dxc4 7. Bxc4 b5 8. Bb3 Bb7 9. Nc3 b4 10. Na4 Bd5
11. Bc2 Ne7 12. e4 Bc6 13. e5 fxe5 14. dxe5 Bxf3 15. Qxf3 Nbc6 16. exd6 cxd6 17. Qg4 Nf5 18. Bxf5 exf5 19. Qxf5 g6 20. Re1+ Ne7
21. Bg5 gxf5 22. Bxe7 Qxe7 23. Rxe7+ Kxe7 24. h3 a5 25. Re1+ Kf6 26. Nb6 Ra7 27. Nd5+ Kf7 28. b3 Re8 29. Rc1 Re2 30. Ne3 Ke6
31. Rc2 Rxc2 32. Nxc2 Ke5
0-1

[Event "Tournament The King"]
[Site "SchemingMind.com"]
[Date "2007.12.29"]
[Round "-"]
[White "Chess_Man01"]
[Black "peeuukoo"]
[Result "1-0"]
[WhiteCountry "GBR"]
[BlackCountry "FIN"]
[WhiteElo "2210"]
[WhiteRD "71"]
[BlackElo "2036"]
[BlackRD "83"]
[GameID "133973"]

1. e4 e5 2. Nf3 Nc6 3. Bb5 a6 4. Ba4 Nf6 5. O-O Be7 6. d4 exd4 7. e5 Ne4 8. Re1 Nc5 9. Bxc6 dxc6 10. Nxd4 O-O
11. Nc3 Ne6 12. Nf5 Ng5 13. Nxe7+ Qxe7 14. Qh5 Ne6 15. Ne4 f5 16. exf6 gxf6 17. Bh6 Qf7 18. Bxf8 Qxf8 19. Qh4
1-0

[Event "Tournament The King"]
[Site "SchemingMind.com"]
[Date "2007.12.23"]
[Round "-"]
[White "krueger"]
[Black "Schaakmaatje"]
[Result "1-0"]
[WhiteCountry "USA"]
[BlackCountry "NED"]
[WhiteElo "2051"]
[WhiteRD "101"]
[BlackElo "1755"]
[BlackRD "48"]
[GameID "133974"]

1. e4 c5 2. Nf3 Nc6 3. d4 cxd4 4. Nxd4 Nf6 5. Nc3 e5 6. Ndb5 d6 7. Bg5 a6 8. Na3 b5 9. Nd5 Be7 10. Bxf6 Bxf6
11. c3 O-O 12. Nc2 Bg5 13. h4 Bh6 14. a4 Be6 15. axb5 axb5 16. Rxa8 Qxa8 17. Bxb5 Nd8 18. O-O Nc6 19. Bxc6
1-0

[Event "Tournament The King"]
[Site "SchemingMind.com"]
[Date "2007.12.19"]
[Round "-"]
[White "Fer2233"]
[Black "SLAINTIE MHATH"]
[Result "0-1"]
[WhiteCountry "ARG"]
[BlackCountry "POL"]
[WhiteElo "1139"]
[WhiteRD "173"]
[BlackElo "1653"]
[BlackRD "49"]
[GameID "134158"]

1. e4 b6 2. d4 e6 3. d5 Qf6 4. Nf3 Bc5 5. Be3 Bxe3 6. fxe3 Qxb2 7. Nbd2 Qc3 8. Bd3 Ba6 9. O-O Bxd3 10. cxd3 Qxd3
0-1

[Event "Tournament The King"]
[Site "SchemingMind.com"]
[Date "2007.12.19"]
[Round "-"]
[White "sideshowmatt"]
[Black "neoliminal"]
[Result "0-1"]
[WhiteCountry "USA"]
[BlackCountry "CRC"]
[WhiteElo "1539"]
[WhiteRD "178"]
[BlackElo "1288"]
[BlackRD "114"]
[GameID "134159"]

1. e4 c5 2. d4 e6 3. c3 cxd4 4. cxd4 Nf6 5. e5 Nd5 6. Nf3 h6 7. Bd3 Bb4+ 8. Bd2 g5 9. a3 Bxd2+ 10. Nbxd2 b6
11. Ne4 Ba6 12. Rc1 g4 13. Nd6+ Kf8 14. Nd2 f5 15. b4 Nc6 16. Bxa6 Qg5 17. O-O Nf4 18. N2c4 Nxg2 19. Kxg2 Qh4 20. Kg1 Qh3
21. Qd2 h5 22. Qg5 Rh7 23. Qf6+ Kg8 24. Qg6+ Rg7 25. Qf6 Nxd4 26. Qxg7+ Kxg7 27. Rc3 Ne2+ 28. Kh1 Qxf1#
0-1

[Event "Tournament The King"]
[Site "SchemingMind.com"]
[Date "2007.12.19"]
[Round "-"]
[White "SLAINTIE MHATH"]
[Black "Fer2233"]
[Result "1-0"]
[WhiteCountry "POL"]
[BlackCountry "ARG"]
[WhiteElo "1653"]
[WhiteRD "49"]
[BlackElo "1139"]
[BlackRD "173"]
[GameID "134164"]

1. d4 d5 2. Bg5 h6 3. Bh4 Nc6 4. e3 Nf6 5. Bxf6 gxf6 6. Bb5 Bd7 7. Bxc6 Bxc6 8. Ne2 e5 9. a3 Qd7 10. Nbc3 O-O-O
11. Qd2
1-0

[Event "Tournament The King"]
[Site "SchemingMind.com"]
[Date "2007.12.19"]
[Round "-"]
[White "neoliminal"]
[Black "sideshowmatt"]
[Result "1-0"]
[WhiteCountry "CRC"]
[BlackCountry "USA"]
[WhiteElo "1234"]
[WhiteRD "111"]
[BlackElo "1697"]
[BlackRD "183"]
[GameID "134165"]

1. Nc3 c6 2. d4 d6 3. e4 e5 4. d5 c5 5. h3 Bd7 6. a4 Nf6 7. f3 Na6 8. Bxa6 bxa6 9. Bg5 Qb6 10. Bxf6 gxf6
11. b3 h5 12. a5 Qb4 13. Ne2 Bh6 14. O-O Bb5 15. Kh1 h4 16. Nxb5 axb5 17. c3
1-0

[Event "Tournament The King"]
[Site "SchemingMind.com"]
[Date "2007.12.25"]
[Round "-"]
[White "e_castle3"]
[Black "griffimv"]
[Result "0-1"]
[WhiteCountry "PHI"]
[BlackCountry "INT"]
[WhiteElo "1815"]
[WhiteRD "74"]
[BlackElo "2336"]
[BlackRD "78"]
[GameID "134257"]

1. e4 e5 2. Nf3 Nc6 3. Bb5 a6 4. Ba4 Nf6 5. d3 d6 6. O-O b5 7. Bb3 Na5 8. c3 Nxb3 9. axb3 Be7 10. Na3 Be6
11. Ng5 Bd7 12. Nc2 O-O 13. h3 c6 14. Be3 Qc7 15. f4 h6 16. Nf3 a5 17. f5 d5 18. Nd2 a4 19. b4 c5 20. bxc5 Bxc5
21. Bxc5 Qxc5+ 22. Kh1 dxe4 23. dxe4 Bc6 24. Qe2 Rfd8 25. Nb4 Bb7 26. Rfe1 a3 27. bxa3 Qxc3 28. Qxb5 Rxd2 29. Qxb7 Qg3 30. Qxa8+ Kh7
31. Rg1 Ng4 32. hxg4 Qh4#
0-1

[Event "Tournament The King"]
[Site "SchemingMind.com"]
[Date "2007.12.20"]
[Round "-"]
[White "Freidenker"]
[Black "jtrochez1"]
[Result "1/2-1/2"]
[WhiteCountry "INT"]
[BlackCountry "HON"]
[WhiteElo "1741"]
[WhiteRD "111"]
[BlackElo "1579"]
[BlackRD "50"]
[GameID "134258"]

1. c4 e5 2. g3 Bc5 3. Nc3 Nf6 4. Bg2 c6 5. e3 d5 6. cxd5 Nxd5 7. Nge2 Be6 8. O-O O-O 9. a3 Nd7 10. b4 Bd6
11. Bb2 N7f6 12. d4 exd4 13. Nxd4 Be7 14. Nxe6 fxe6 15. Ne4 h6 16. Qc2 Rc8 17. Nc5 Bxc5 18. Qxc5 b6 19. Qc2 Qc7 20. Rac1 Ne7
21. Qc4 Rcd8 22. Qxe6+ Kh8 23. Bxc6 Rd6 24. Qb3 Rxc6 25. Rxc6 Qxc6 26. Rc1 Qf3 27. Qd1 Qxd1+ 28. Rxd1 Ng6 29. Rd4 Ne7 30. Rf4 Ned5
31. Rf5 Ne7 32. Rf4 Ng6 33. Rc4 Rf7 34. Bxf6 gxf6 35. f4 Kh7 36. Kf2=
1/2-1/2

[Event "Tournament The King"]
[Site "SchemingMind.com"]
[Date "2007.12.25"]
[Round "-"]
[White "griffimv"]
[Black "e_castle3"]
[Result "1-0"]
[WhiteCountry "INT"]
[BlackCountry "PHI"]
[WhiteElo "2403"]
[WhiteRD "87"]
[BlackElo "1783"]
[BlackRD "70"]
[GameID "134264"]

1. e4 g6 2. d4 Bg7 3. Nc3 d6 4. f4 e5 5. dxe5 Qh4+ 6. g3 Qe7 7. Nd5 Qd8 8. Nf3 dxe5 9. fxe5 c6 10. Bg5 Qa5+
11. b4
1-0

[Event "Tournament The King"]
[Site "SchemingMind.com"]
[Date "2007.12.20"]
[Round "-"]
[White "jtrochez1"]
[Black "Freidenker"]
[Result "1/2-1/2"]
[WhiteCountry "HON"]
[BlackCountry "INT"]
[WhiteElo "1556"]
[WhiteRD "53"]
[BlackElo "1727"]
[BlackRD "117"]
[GameID "134265"]

1. e4 e6 2. d4 d5 3. e5 c5 4. c3 Qb6 5. Nf3 Nc6 6. b3 cxd4 7. Nxd4 Nxe5 8. Be2 Nc6 9. Be3 Nxd4 10. Qxd4 Qxd4
11. Bb5+ Bd7 12. Bxd7+ Kxd7 13. Bxd4 Nf6 14. Nd2 Be7 15. h3 b5 16. a4 b4 17. c4 dxc4 18. Nxc4 Rhc8 19. Bxf6 gxf6 20. Rd1+ Ke8
21. O-O Rd8 22. Rfe1 Rxd1 23. Rxd1 Rd8 24. Rxd8+ Kxd8 25. Kf1 Kc7 26. Ke2 Bd6 27. f3 Kc6 28. a5 Kc5 29. Kd3 e5 30. g4 Bc7
31. h4 h6 32. Ke4 Bd8 33. h5 Be7=
1/2-1/2

[Event "Tournament The King"]
[Site "SchemingMind.com"]
[Date "2007.12.21"]
[Round "-"]
[White "kloosterveen"]
[Black "Tahur"]
[Result "0-1"]
[WhiteCountry "NED"]
[BlackCountry "ARG"]
[WhiteElo "1539"]
[WhiteRD "102"]
[BlackElo "1964"]
[BlackRD "54"]
[GameID "134434"]

1. d4 Nf6 2. e3 g6 3. Nf3 Bg7 4. g3 d5 5. Bg2 Nc6 6. O-O O-O 7. Nc3 Bf5 8. Nh4 Bg4 9. f3 Bc8 10. Qd3 g5
11. Nf5 Nb4 12. Nxe7+ Qxe7 13. Qe2 b6 14. a3 Ba6 15. Nb5 Bxb5 16. Qxb5 Nxc2 17. Rb1 c5 18. Qd3 cxd4 19. Qxc2 dxe3 20. Qe2 Rae8
21. b4 d4 22. f4 Ne4 23. Bxe4 Qxe4 24. Bb2 d3 25. Qf3 Qxf3 26. Rxf3 d2 27. Bxg7 Kxg7 28. Kg2 e2
0-1

[Event "Tournament The King"]
[Site "SchemingMind.com"]
[Date "2007.12.21"]
[Round "-"]
[White "Tahur"]
[Black "kloosterveen"]
[Result "1-0"]
[WhiteCountry "ARG"]
[BlackCountry "NED"]
[WhiteElo "1943"]
[WhiteRD "54"]
[BlackElo "1534"]
[BlackRD "106"]
[GameID "134440"]

1. e4 c5 2. Nf3 d6 3. d4 cxd4 4. Nxd4 Nf6 5. Nc3 a6 6. Bg5 e6 7. Bc4 b5 8. Be2 Be7 9. Qd3 O-O 10. O-O b4
11. Nd1 Bb7 12. f3 Qb6 13. Ne3 Nc6 14. Nxc6 Bxc6 15. a4 a5 16. Kh1 Rfe8 17. Nc4 Qc7 18. Bf4 Red8 19. Rfd1 Ne8 20. Qd2 e5
21. Bg3 Nf6 22. Bf2 Nd7 23. Ne3 Qb7 24. Nf5 Nf8 25. Bc4 Ng6 26. Be3 Rac8 27. Qd3 Qc7 28. b3 Rb8 29. Qd2 Nh4 30. Nxe7+ Qxe7
31. Bg5 Qa7 32. Bxd8 Rxd8 33. Qg5
1-0

[Event "Tournament The King"]
[Site "SchemingMind.com"]
[Date "2007.12.27"]
[Round "-"]
[White "Konan_Kaddosh"]
[Black "egis"]
[Result "1-0"]
[WhiteCountry "ITA"]
[BlackCountry "LTU"]
[WhiteElo "2480"]
[WhiteRD "58"]
[BlackElo "2006"]
[BlackRD "74"]
[GameID "134552"]

1. e4 e6 2. d4 d5 3. Nc3 Be7 4. e5 c5 5. Qg4 Kf8 6. Nf3 Nc6 7. dxc5 Bxc5 8. Bd3 Nge7 9. O-O b6 10. Bd2 a5
11. Nb5 Nb4 12. Bxb4 Bxb4 13. a3 Bc5 14. b4 Bd7 15. bxc5 Bxb5 16. Bxb5 bxc5 17. Rab1 Rb8 18. Be2 Rb6 19. Qa4 Nc6 20. Rb5 c4
21. Rfb1 Rxb5 22. Qxb5 Ne7 23. Qc5 g5 24. Rb7 Kg7 25. Nxg5 Kg6 26. h4
1-0

[Event "Tournament The King"]
[Site "SchemingMind.com"]
[Date "2007.12.27"]
[Round "-"]
[White "egis"]
[Black "Konan_Kaddosh"]
[Result "0-1"]
[WhiteCountry "LTU"]
[BlackCountry "ITA"]
[WhiteElo "2026"]
[WhiteRD "72"]
[BlackElo "2492"]
[BlackRD "59"]
[GameID "134561"]

1. e4 c5 2. Nf3 Nc6 3. d4 cxd4 4. Nxd4 e5 5. Nb5 d6 6. Bd3 Be7 7. O-O Nf6 8. N1c3 Nb4 9. b3 a6 10. Na3 b5
11. Be2 O-O 12. Bg5 Be6 13. Bxf6 Bxf6 14. Qd2 Bg5 15. Qe1 Qb6 16. Qd1 Rac8 17. Nab1 Nc6 18. a4 b4 19. Nd5 Qd4 20. Qxd4 Nxd4
21. Bxa6 Bxd5 22. exd5 Rxc2 23. Bc4 Rb2 24. a5 Nxb3 25. Bxb3 Rxb3 26. Rd1 Rb2 27. a6 Ra8 28. Ra4 Kf8 29. Kf1 e4 30. Re1 f5
31. a7 Bf6 32. Rd1 f4 33. Ke1 e3 34. Rc1 Bd4 35. Ra6 Rxa7 36. Rxa7 Bxa7 37. h4 exf2+ 38. Kf1 Be3 39. Rd1 Kf7 40. h5 Kf6
41. h6 gxh6 42. g4 fxg3
0-1

[Event "Tournament The King"]
[Site "SchemingMind.com"]
[Date "2008.02.07"]
[Round "-"]
[White "griffimv"]
[Black "SLAINTIE MHATH"]
[Result "1-0"]
[WhiteCountry "INT"]
[BlackCountry "POL"]
[WhiteElo "2336"]
[WhiteRD "78"]
[BlackElo "1653"]
[BlackRD "49"]
[GameID "140684"]

1. e4 c5 2. Nf3 d6 3. d4 Nc6 4. d5 Nb8 5. Bb5+ Bd7 6. Nc3 Bxb5 7. Nxb5 Qa5+ 8. Nc3 b5 9. e5 Na6 10. O-O h6
11. Qe2 b4 12. Nb5 Nc7 13. Nxd6+ exd6 14. exd6+ Kd8 15. Ne5 Bxd6 16. Nc6+ Kd7 17. Nxa5
1-0

[Event "Tournament The King"]
[Site "SchemingMind.com"]
[Date "2008.02.07"]
[Round "-"]
[White "SLAINTIE MHATH"]
[Black "griffimv"]
[Result "0-1"]
[WhiteCountry "POL"]
[BlackCountry "INT"]
[WhiteElo "1653"]
[WhiteRD "49"]
[BlackElo "2336"]
[BlackRD "78"]
[GameID "140689"]

1. Nf3 d5 2. b3 Bg4 3. c4 d4 4. h3 Bxf3 5. gxf3 Nc6 6. d3 e6 7. Bg2 Bb4+ 8. Bd2 Qd6 9. a3 Bxd2+ 10. Nxd2 Nf6
11. Ne4 Nxe4 12. fxe4 O-O 13. O-O a5 14. Qd2 Ra6 15. Qg5 f6 16. Qg3 Qxg3 17. fxg3 Ne5 18. c5 Kf7 19. Rab1 Rc6 20. b4 axb4
21. axb4 Ra8 22. Rfc1 Rca6 23. Rc4 Nxc4 24. dxc4 Ra1 25. Rxa1 Rxa1+ 26. Bf1 e5 27. b5 Rc1 28. e3 dxe3 29. Kg2 Rc2+ 30. Kf3 Rf2+
31. Kxe3 Rxf1 32. Kd3 Rf3+ 33. Kc2 Rxg3 34. h4 g5 35. hxg5 fxg5 36. b6 c6
0-1

[Event "Tournament The King"]
[Site "SchemingMind.com"]
[Date "2008.02.10"]
[Round "-"]
[White "krueger"]
[Black "Tahur"]
[Result "1-0"]
[WhiteCountry "USA"]
[BlackCountry "ARG"]
[WhiteElo "2138"]
[WhiteRD "91"]
[BlackElo "1979"]
[BlackRD "54"]
[GameID "141147"]

1. e4 c5 2. Nf3 d6 3. d4 Nf6 4. Nc3 cxd4 5. Nxd4 a6 6. Bc4 e6 7. Bb3 Nbd7 8. Bg5 h6 9. Bxf6 Qxf6 10. Qd2 Nc5
11. f4 e5 12. fxe5 dxe5 13. Rf1 Nxb3 14. Nxb3 Qh4+ 15. g3 Qg4 16. Nd5 Qxe4+ 17. Kf2 Qc4 18. Qa5 Bd6 19. Nb6 Qxc2+ 20. Kg1 Rb8
21. Rac1 Qd3 22. Rc3 Qg6 23. Qa4+ Kf8 24. Nxc8 Qe6 25. Nxd6 Qxd6 26. Qc4 Qe7 27. Rcf3 f6 28. Rc3 Rd8 29. Nc5 b5 30. Qe6 Rg8
31. b4 Rd6 32. Qg4 Qe8 33. Ne4 Rc6 34. Rfc1 Rxc3 35. Rxc3 Qe7 36. Nc5 Kf7 37. Qh5+ Kf8 38. Rd3 Qe8 39. Rd8 Qxd8 40. Ne6+ Ke7
41. Nxd8 Rxd8 42. Qf3 Rd7 43. Qc6 Rd1+ 44. Kg2 Rd2+ 45. Kh3 Rxa2 46. Qc7+ Ke6 47. Qxg7 Ra4 48. Qf8 Kf5 49. g4+ Ke6 50. Kh4 e4
51. Qc5 Ra2 52. Qf5+ Ke7 53. Qxe4+ Kd6 54. Qf4+ Ke6 55. Kh5 Re2 56. Kxh6 Re5 57. h4 f5 58. Kg6 fxg4 59. Qxg4+ Ke7 60. h5 Re6+
61. Kg7 Kd6 62. h6 Re7+ 63. Kf6 Re8 64. h7 Rf8+ 65. Kg7 Rd8 66. h8=Q Rxh8 67. Kxh8 Kd5 68. Kg7 Ke5 69. Kf7 Kd5 70. Qf4 Kc6
71. Ke6
1-0

[Event "Tournament The King"]
[Site "SchemingMind.com"]
[Date "2008.02.09"]
[Round "-"]
[White "Tahur"]
[Black "krueger"]
[Result "0-1"]
[WhiteCountry "ARG"]
[BlackCountry "USA"]
[WhiteElo "1979"]
[WhiteRD "54"]
[BlackElo "2138"]
[BlackRD "91"]
[GameID "141154"]

1. d4 Nf6 2. c4 e6 3. Nc3 d5 4. Nf3 c6 5. Bg5 Nbd7 6. e3 Qa5 7. Bxf6 Nxf6 8. Qb3 Be7 9. cxd5 exd5 10. Bd3 O-O
11. O-O Qb6 12. Qxb6 axb6 13. Rac1 b5 14. a3 Nd7 15. h3 Nb6 16. Rc2 Nc4 17. Rfc1 f6 18. Kh2 Bd6+ 19. Kg1 Be6 20. Rd1 f5
21. Ng5 Bd7 22. Re1 Rae8 23. g3 h6 24. Nf3 g5 25. a4 b4 26. Nd1 b3 27. Rc1 Be6 28. Bxc4 dxc4 29. Nc3 Bd7 30. Nd2 b5
31. a5 Ra8 32. Ra1 Bb4 33. a6 Be6 34. f4 Bd5 35. Nxd5 cxd5 36. Re2 Bxd2 37. Rxd2 Rf6 38. fxg5 hxg5 39. Rf2 Raxa6 40. Rxa6 Rxa6
41. g4 fxg4 42. hxg4= Ra1+ 43. Kg2= c3 44. bxc3 Ra2 45. Kf3 Rxf2+ 46. Kxf2 b2 47. Kf3 b1=Q 48. Ke2 Qc2+ 49. Ke1 Qxc3+ 50. Ke2 Qc2+
51. Kf3 b4
0-1

[Event "Tournament The King"]
[Site "SchemingMind.com"]
[Date "2008.02.27"]
[Round "-"]
[White "Zugzwang"]
[Black "Cruyce"]
[Result "0-1"]
[WhiteCountry "CAN"]
[BlackCountry "BEL"]
[WhiteElo "1522"]
[WhiteRD "64"]
[BlackElo "2219"]
[BlackRD "73"]
[GameID "141354"]

1. d4 f5 2. c4 Nf6 3. g3 g6 4. Bg2 Bg7 5. Nf3 O-O 6. O-O d6 7. Nc3 Qe8 8. b3 Na6 9. Bd2 c6 10. Rb1 e5
11. dxe5 dxe5 12. Re1 e4 13. Ng5 Ng4 14. e3 Ne5 15. f4 Nd3 16. Re2 h6 17. Nh3 Be6 18. Bf1 Rd8 19. Rg2 Bxc3
0-1

[Event "Tournament The King"]
[Site "SchemingMind.com"]
[Date "2008.02.27"]
[Round "-"]
[White "Cruyce"]
[Black "Zugzwang"]
[Result "1-0"]
[WhiteCountry "BEL"]
[BlackCountry "CAN"]
[WhiteElo "2219"]
[WhiteRD "73"]
[BlackElo "1522"]
[BlackRD "64"]
[GameID "141366"]

1. d4 f5 2. g3 Nf6 3. Bg2 e6 4. Nf3 c6 5. O-O d5 6. c4 Bd6 7. b3 O-O 8. Ba3 Bxa3 9. Nxa3 Bd7 10. Nc2 Be8
11. Nce1 Bh5 12. Ne5 Nbd7 13. N1f3 Ng4 14. Nd3 Ngf6 15. Qc2 Bxf3 16. exf3 Rc8 17. c5 b6 18. Rfe1 Re8 19. b4 Qc7 20. Re2 bxc5
21. bxc5 Rb8 22. Rae1 Kf7 23. Qa4 Rb5 24. Bf1 a5 25. Re3 Qb8 26. Nf4 Rb4 27. Qxa5 e5 28. dxe5 Nxe5 29. Rxe5 Rxe5 30. Rxe5 Qxe5
31. Qxb4
1-0

[Event "Tournament The King"]
[Site "SchemingMind.com"]
[Date "2008.03.02"]
[Round "-"]
[White "marble"]
[Black "jtrochez1"]
[Result "1-0"]
[WhiteCountry "ENG"]
[BlackCountry "HON"]
[WhiteElo "1590"]
[WhiteRD "56"]
[BlackElo "1548"]
[BlackRD "57"]
[GameID "144364"]

1. e4 e5 2. Nf3 d6 3. Bc4 h6 4. d4 exd4 5. Nxd4 a6 6. Nc3 Nf6 7. h3 Bd7 8. O-O Nc6 9. Nf3 Be7 10. Re1 O-O
11. b3 Na5 12. Bd3 Nc6 13. a3 Ne5 14. Nxe5 dxe5 15. Bb2 Bd6 16. Nd5 Nxd5 17. exd5 Re8 18. Qf3 Re7 19. Qe4 f5 20. Qh4 Qf8
21. c4 Rf7 22. Bxe5 Bxe5 23. Rxe5 Re8 24. Rxe8 Qxe8 25. c5 Qe5 26. Rd1 Qf6 27. Qb4 f4 28. Qe4 Bf5 29. Qxf4 Qg6 30. Bxf5 Qxf5
31. Qxf5 Rxf5 32. g4 Rf3 33. d6 cxd6 34. cxd6 Rf8 35. f4 Rd8 36. f5 Kf7 37. Kg2 g5 38. Kf3 Kf6 39. Ke4 Rd7 40. Kd5 h5
41. Kc5 h4 42. a4 Ke5 43. Rd5+ Kf4 44. Rd3 Ke4 45. Rc3 b6+ 46. Kc6 b5 47. Kxd7 Ke5 48. Kc7
1-0

[Event "Tournament The King"]
[Site "SchemingMind.com"]
[Date "2008.03.02"]
[Round "-"]
[White "jtrochez1"]
[Black "marble"]
[Result "1-0"]
[WhiteCountry "HON"]
[BlackCountry "ENG"]
[WhiteElo "1580"]
[WhiteRD "57"]
[BlackElo "1629"]
[BlackRD "55"]
[GameID "144371"]

1. e4 c5 2. Nf3 e6 3. d4 cxd4 4. Nxd4 Nc6 5. Nxc6 bxc6 6. Be3 d6 7. Nd2 h6 8. Bd3 Bb7 9. c4 Be7 10. a3 Bf6
11. Rb1 Ne7 12. Qc2 e5 13. O-O O-O 14. b4 a6 15. a4 Ng6 16. Nf3 Bc8 17. Qd2 Rb8 18. h3 d5 19. Bxh6 Nf4 20. Bxf4 exf4
21. Qxf4 Be6 22. e5 Be7 23. c5 f6 24. exf6 Bxf6 25. Qc1 Kf7 26. b5 axb5 27. axb5 cxb5 28. Rxb5 Rc8 29. Qc2 Ke7 30. Rb7+ Rc7
31. c6 Qd6 32. Rxc7+ Qxc7 33. Nd2 Rd8 34. Ba6 Bc8 35. Re1+ Kf7 36. Bxc8 Rxc8 37. Qf5 Qxc6 38. Qh5+ g6 39. Qe2 Qd6 40. Rd1 Rc2
41. Qd3 Rc3 42. Qe2 Qf4 43. Nf3 Rb3 44. Rxd5 Rb2 45. Qd1 Kg8 46. Rd7 Qf5 47. Kh2 Rxf2 48. Qb3+
1-0